000 00275nam a22001217a 4500
008 180213b xxu||||| |||| 00| 0 eng d
041 _aeng
080 _a51
100 _a39
101 _amat
245 _athe analysis of linear calculus
_cclose.ch.m
942 _2udc
_cBK
999 _c42376
_d42376